Southville International School and Colleges
Your cart is empty.
  • Cart
  • Lists
    Public lists Eva Luna New books Lux_list list_1
    Your lists Log in to create your own lists
  • Log in to your account
  • Your cookies
  • Search history
Southville International School and Colleges
  • Advanced search
  • Recent comments
  • Most popular
  • Libraries

Log in to your account

Log in with GOOGLE


If you do not have an external account, but do have a local account, you can still log in:

  1. Home
  2. MARC view: Social marketing :
Normal view MARC view ISBD view

Social marketing : (Record no. 117436)

[ view plain ]
MARC details
000 -LEADER
fixed length control field 00599nam a2200193Ia 4500
003 - CONTROL NUMBER IDENTIFIER
control field SISC
005 - DATE AND TIME OF LATEST TRANSACTION
control field 20170131085548.0
008 - FIXED-LENGTH DATA ELEMENTS--GENERAL INFORMATION
fixed length control field 140527s9999 xx 000 0 und d
020 ## - INTERNATIONAL STANDARD BOOK NUMBER
International Standard Book Number 9781412981491
050 ## - LIBRARY OF CONGRESS CALL NUMBER
Classification number HF 5414
Item number .L514 2011
100 ## - MAIN ENTRY--PERSONAL NAME
Personal name Lee, Nancy R.
245 ## - TITLE STATEMENT
Title Social marketing :
Remainder of title influencing behaviors for good /
Statement of responsibility, etc Nancy R. Lee, Philip Kotler.
250 ## - EDITION STATEMENT
Edition statement 4th edition.
260 ## - PUBLICATION, DISTRIBUTION, ETC. (IMPRINT)
Place of publication, distribution, etc Thousand Oaks, Calif. :
Name of publisher, distributor, etc SAGE Publications,
Date of publication, distribution, etc 2011.
300 ## - PHYSICAL DESCRIPTION
Extent 502 pages :
Other physical details illustrations ;
Dimensions 24 cm.
500 ## - GENERAL NOTE
General note Includes appendices and index.
942 ## - ADDED ENTRY ELEMENTS (KOHA)
Call number prefix Foreign
Koha item type Books
Source of classification or shelving scheme Library of Congress Classification
Holdings
Withdrawn status Lost status Source of classification or shelving scheme Damaged status Home library Current library Shelving location Date acquired Source of acquisition Cost, normal purchase price Total Checkouts Total Renewals Full call number Barcode Date last seen Date checked out Price effective from Koha item type
    Library of Congress Classification   College Library College Library General Circulation Section 05/28/2014 Donation 4118.00 1 3 HF 5414 .L514 2011  C18044 05/15/2018 06/13/2014 05/28/2014 Books

Social marketing :

APA

Lee N. R., . (2011). Social marketing. Thousand Oaks, Calif: SAGE Publications.

Chicago

Lee Nancy R, . 2011. Social marketing. Thousand Oaks, Calif: SAGE Publications.

Harvard

Lee N. R., . (2011). Social marketing. Thousand Oaks, Calif: SAGE Publications.

MLA

Lee Nancy R, . Social marketing. Thousand Oaks, Calif: SAGE Publications. 2011.

  • Place hold
  • Print
  • Cite
  • Add to your cart (remove)
  • Save record
    BIBTEX Dublin Core MARCXML MARC (non-Unicode/MARC-8) MARC (Unicode/UTF-8) MARC (Unicode/UTF-8, Standard) MODS (XML) RIS
  • More searches
    Search for this title in:
    Other Libraries (WorldCat) Other Databases (Google Scholar) Online Stores (Bookfinder.com) Open Library (openlibrary.org)

Exporting to Dublin Core...

SOUTHVILLE LIBRARY

Southville International School and Colleges Library

1281 Tropical Ave. Cor. Luxembourg St., BF Homes International, Las Pinas City

Tel. No. 8256374 / 252358 Loc. 117/146

Powered by Koha